| 000 | 00422nam a2200169Ia 4500 | ||
|---|---|---|---|
| 005 | 20250603144752.0 | ||
| 008 | 250603s9999 xx 000 0 und d | ||
| 020 | _a9781689926041 | ||
| 050 | _aHV 6773 .S73/ | ||
| 100 | _aStanley, Dave | ||
| 245 | 0 | _aCyber bullying: featuring Laurence the lion | |
| 260 | _aBritain | ||
| 260 | _bSimply serious stories limited | ||
| 260 | _c2019 | ||
| 650 | _aBritain | ||
| 942 | _cBK | ||
| 999 |
_c39893 _d39893 |
||